| 000 | 02038 a2200217 4500 | ||
|---|---|---|---|
| 001 | 25232 | ||
| 005 | 20260407155536.0 | ||
| 008 | 260407a1992 arg spa d | ||
| 003 | AR-UNSa-BCEJYS | ||
| 040 |
_aAR-UNSa-BCEJYS _bspa _cAR-UNSa-BCEJYS |
||
| 080 |
_a336.225.3 _xSujetos de tributación. Personas u organismos. Contribuyentes |
||
| 245 | 1 | 0 |
_aPresión fiscal e inconstitucionalidad _p(las garantías constitucionales ante la presión del conjunto de tributos que recaen sobre el sujeto contribuyente) |
| 020 | _a950-14-0651-2 | ||
| 264 | 1 |
_aBuenos Aires : _bDepalma _c1992 |
|
| 300 |
_a278 p. _c23 cm. |
||
| 505 | _a1. De las XIV jornadas latinoamericanas de derecho tributario y su temario - 2. De la introducción al informe nacional - 3. De la supremacía de la constitución y del rol del poder judicial - 4. De la parte dogmática de la constitución y de los derechos y garantías de los contribuyentes - 5. Garantías constitucionales comprometidas por extralimitación en la intensidad de la presión tributaria conforme a la jurisprudencia de la corte suprema de justicia de la Nación computando un solo tributo sobre una única manifestación de riqueza - 6. De los casos en que no ha prosperado la impugnación constitucional de tributos a pesar de su monto, de la presión tributaria a que conducían o de las carcterísticas de su aplicación - 7. De una nueva perspectiva jurisprudencial invalidante de los desbordes tributarios - 8. De la propuestas del informe nacional - 9. De algunas reflexiones sobre la gestación, redacción y consenso por los considerandos y recomendaciones de las jornadas - 10. Una trascendente modificación en la doctrina de la corte suprema de justicia de la nación sobre la naturlaeza jurídica de los municipios de provincia y sus posibles implicancias en el campo tributario. | ||
| 942 | _cBK | ||
| 590 | _aniveau_biblio:m niveau_hierar:0 | ||
| 100 | 1 | _aCasás, José Osvaldo | |
| 856 | 4 | 1 |
_uhttps://biblioeco.unsa.edu.ar/pmb/images/libros/L58775.jpg _yImagen de portada _qimage/jpeg |
| 999 |
_c1339 _d1339 |
||